书目信息 |
| 题名: |
工程项目管理
|
|
| 作者: | 齐宝库 主编 | |
| 分册: | ||
| 出版信息: | 大连 大连理工大学出版社 1999.07 |
|
| 页数: | 251页 | |
| 开本: | 26cm | |
| 丛书名: | ||
| 单 册: | ||
| 中图分类: | TU721-43 | |
| 科图分类: | ||
| 主题词: | 建筑工程--施工组织 , 建筑工程--施工计划 | |
| 电子资源: | ||
| ISBN: | 7-5611-1634-9 | |
| 000 | 00612nam0 2200205 45 | |
| 001 | 0356663858 | |
| 005 | 2003030915442328 | |
| 010 | @a7-5611-1634-9@dRMB 18.00 | |
| 100 | @a20030309d1999 km y0chiy0120 ea | |
| 101 | 0 | @achi |
| 200 | 1 | @a工程项目管理@Agong cheng xiang mu guan li@f齐宝库主编@Fqi bao ku zhu bian |
| 210 | @a大连@c大连理工大学出版社@d1999.07 | |
| 215 | @a251页@d26cm | |
| 300 | @a高等学校本科专业工程管理系列教材 | |
| 606 | 0 | @a建筑工程@x施工组织 |
| 606 | 0 | @a建筑工程@x施工计划 |
| 690 | @aTU721-43@v3 | |
| 701 | 0 | @a齐宝库@Aqi bao ku@4主编 |
| 801 | 0 | @aCN@bPFT@c20030309 |
| 905 | @dTU721-43@eQ020 | |
| 工程项目管理/齐宝库主编.-大连:大连理工大学出版社,1999.07 |
| 251页;26cm |
| 高等学校本科专业工程管理系列教材 |
| ISBN 7-5611-1634-9:RMB 18.00 |
| ● |
| 相关链接 |
|
|
|
正题名:工程项目管理
索取号:TU721-43/Q020
 
预约/预借
| 序号 | 登录号 | 条形码 | 馆藏地/架位号 | 状态 | 备注 |
| 1 | 365063 | 203650637 | 建筑库201/201建筑库 29排1列1层/ [索取号:TU721-43/Q020] | 在馆 | |
| 2 | 365064 | 203650646 | 建筑库201/201建筑库 29排1列1层/ [索取号:TU721-43/Q020] | 在馆 | |
| 3 | 365065 | 203650655 | 建筑库201/201建筑库 29排1列1层/ [索取号:TU721-43/Q020] | 在馆 |